| 000 | 00938nam a22002537a 4500 | ||
|---|---|---|---|
| 003 | EG-ScBUE | ||
| 005 | 20220720153719.0 | ||
| 008 | 200219s2014 ua o f b 000 0 eng d | ||
| 040 |
_aEG-ScBUE _beng _erda _cEG-ScBUE _dEG-ScBUE |
||
| 082 | 0 | 4 |
_222 _a617.681 _bPRI |
| 245 | 0 | 0 |
_aPrinciples of orthodontics for undergraduate students / _cedited by staff members of orthodontic Department Faculty of Dentistry, Ain Shams University. |
| 264 | 1 |
_a[Cairo] : _bAin Shams University, Faculty of Dentistry, _c2014. |
|
| 300 |
_a258 pages : _bphotographs ; _c30 cm |
||
| 336 |
_2rdacontent _atext _btxt |
||
| 337 |
_2rdamedia _aunmediated _bn |
||
| 338 |
_2rdacarrier _avolume _bnc |
||
| 504 | _aIncludes bibliographical references. | ||
| 650 | 7 |
_aTeeth _xAbnormalities. _2BUEsh |
|
| 650 | 7 |
_aDentistry, Operative. _2BUEsh |
|
| 653 |
_bDDENT _cJuly2022 |
||
| 655 |
_vReading book _934232 |
||
| 942 |
_2ddc _cBB |
||
| 999 |
_c29897 _d29868 |
||